| 000 | 00751nam a2200229 i 4500 | ||
|---|---|---|---|
| 001 | 189831 | ||
| 003 | ES-MaACL | ||
| 005 | 20250902025140.0 | ||
| 008 | 191203s1968 sp |||| | spa d | ||
| 080 | _a159.9:331 | ||
| 100 | 1 |
_aGros, André. _960150 |
|
| 245 | 1 | 3 |
_aEl hombre y la empresa / _cAndré Gros ; traducido por Carlos de La-Herrán Matorras. |
| 250 | _a3ª ed. | ||
| 260 |
_aBilbao : _bDeusto, _c[1968] |
||
| 300 |
_a227 p. ; _c22 cm. |
||
| 490 | 1 |
_aEnciclopedia de la empresa moderna ; _v5 |
|
| 650 | 7 |
_aPsicología industrial _2embne _9148242 |
|
| 700 | 1 |
_aLa-Herrán Matorras, Carlos de. _9168970 |
|
| 830 | 1 | 0 |
_aEnciclopedia de la empresa moderna _v5 _9193420 |
| 852 | 4 |
_aES-MaACL _jP-1093-5 |
|
| 999 |
_c189831 _d189831 |
||